Govt. of
Madhya Pradesh

Om Prayers Of Yajna (Record no. 66774)

MARC details
000 -LEADER
fixed length control field 00244nam a22001097a 4500
082 ## - DEWEY DECIMAL CLASSIFICATION NUMBER
Classification number 294/CHO
100 ## - MAIN ENTRY--AUTHOR NAME
Personal name Chopara,Krishan
245 ## - TITLE STATEMENT
Title Om Prayers Of Yajna
260 ## - PUBLICATION, DISTRIBUTION, ETC. (IMPRINT)
Place of publication UK
Name of publisher Krishan Chopra Foundation
650 ## - SUBJECT ADDED ENTRY--TOPICAL TERM
Topical Term Religion
942 ## - ADDED ENTRY ELEMENTS (KOHA)
Koha item type Books
Holdings
Withdrawn status Lost status Damaged status Not for loan Home library Current library Date acquired Full call number Accession Number Price effective from Koha item type
        MACL MACL 07/03/2024 294/CHO DPI002079 07/03/2024 Books